[Event "Online Olym Div2 B 2021"]
[Site "chess.com INT"]
[Date "2021.09.03"]
[Round "5.4"]
[Board "3"]
[White "Theissl Pokorna, Regina"]
[Black "Sinitsina, Anastassia"]
[Result "1/2-1/2"]
[WhiteTitle "WGM"]
[BlackTitle "WFM"]
[WhiteElo "2296"]
[BlackElo "2115"]
[WhiteTeam "Austria"]
[BlackTeam "Estonia"]
[WhiteFideId "14902052"]
[BlackFideId "4504640"]
[EventDate "2021.09.02"]
[EventType "team"]

1. e4 e5 2. Nf3 Nc6 3. Bc4 Bc5 4. c3 Nf6 5. d3 d6 6. Nbd2 O-O 7. h3 a6 8. Bb3
Ba7 9. Nf1 Ne7 10. Be3 Ng6 11. Ng3 h6 12. O-O c6 13. d4 Qc7 14. Qd2 Re8 15. Bxh6
gxh6 16. Qxh6 d5 17. Nf5 Bxf5 18. exf5 exd4 19. fxg6 fxg6 20. Qxg6+ Qg7 21.
Qxg7+ Kxg7 22. cxd4 Re2 23. Rab1 Rae8 24. Bd1 R2e7 25. Bc2 Ne4 26. Rbd1 Kf6 27.
Bxe4 dxe4 28. Ne5 Rd8 29. Ng4+ Kg5 30. Rfe1 Rxd4 31. Rxd4 Bxd4 32. Re2 Kf4 33.
g3+ Kg5 34. Kg2 c5 35. Ne3 Re6 36. b3 b5 37. h4+ Kg6 38. Nd5 Kf5 39. Ne3+ Kg6
40. g4 Bf6 41. Nf5 c4 42. bxc4 bxc4 43. Ne3 c3 44. Nd5 Rc6 45. Nb4 Rc4 46. Nc2
Bxh4 47. f3 exf3+ 48. Kxf3 Bf6 49. Re4 Rc5 50. Ke3 Rd5 51. Ra4 a5 52. Na1 Rd1
53. Nb3 c2 54. Rxa5 c1=Q+ 55. Nxc1 Rxc1 56. a4 Rc3+ 57. Ke4 Ra3 58. Kf4 Ra1 59.
Ke4 Bc3 60. Ra8 Kg5 61. Kd3 Ra3 62. Rg8+ Kf4 63. Kc4 Bf6 64. Kb5 Bg5 65. a5 Kxg4
66. a6 Kf5 67. Rxg5+ Kxg5 68. Kb6 Kf6 69. a7 Ke7 70. Kb7 Kd7 71. a8=Q Rb3+ 72.
Ka6 Ra3+ 73. Kb7 Rxa8 74. Kxa8 1/2-1/2

[Event "Online Olym Div2 B 2021"]
[Site "chess.com INT"]
[Date "2021.09.03"]
[Round "5.4"]
[Board "4"]
[White "Viikmaa, Karmen"]
[Black "Froewis, Annika"]
[Result "0-1"]
[BlackTitle "WFM"]
[WhiteElo "1720"]
[BlackElo "2077"]
[WhiteTeam "Estonia"]
[BlackTeam "Austria"]
[WhiteFideId "4502620"]
[BlackFideId "1621432"]
[EventDate "2021.09.02"]
[EventType "team"]

1. Nf3 d5 2. g3 Nf6 3. Bg2 e6 4. d3 c5 5. O-O Nc6 6. Nbd2 b5 7. e4 Be7 8. c3 O-O
9. Re1 Bb7 10. Qe2 a5 11. a3 b4 12. axb4 axb4 13. Rxa8 Qxa8 14. Nf1 dxe4 15.
dxe4 Nxe4 16. Qc2 Nf6 17. Ne3 Rd8 18. h4 h6 19. Nd2 Na5 20. cxb4 cxb4 21. Qc7
Bd6 22. Qc2 Bxg2 23. Nxg2 Rc8 24. Qa4 Nb7 25. Qb5 Rc5 26. Qd3 Qc8 27. Nb3 Rd5
28. Qf3 Rf5 29. Qd3 Ng4 30. Be3 Ne5 31. Qe2 Nf3+ 32. Kh1 Nxe1 33. Nxe1 Qc6+ 34.
Kh2 Nc5 35. Nd4 Qe4 36. Nxf5 exf5 37. Nf3 f4 38. gxf4 Bxf4+ 39. Kg2 Nd3 40. Qd2
Bxe3 41. fxe3 Ne5 42. Qe2 g5 43. hxg5 hxg5 44. Kg3 Qg4+ 45. Kf2 Qxf3+ 46. Qxf3
Nxf3 47. Kxf3 f5 48. e4 f4 49. Kg4 Kf7 50. Kxg5 f3 0-1

[Event "Online Olym Div2 B 2021"]
[Site "chess.com INT"]
[Date "2021.09.03"]
[Round "5.4"]
[Board "5"]
[White "Morgunov, Marc"]
[Black "Rychagov, Nikita"]
[Result "0-1"]
[WhiteTitle "FM"]
[WhiteElo "2386"]
[BlackElo "1985"]
[WhiteTeam "Austria"]
[BlackTeam "Estonia"]
[WhiteFideId "1640305"]
[BlackFideId "4508394"]
[EventDate "2021.09.02"]
[EventType "team"]

1. e4 e5 2. Nf3 Nc6 3. Bb5 a6 4. Ba4 Nf6 5. O-O b5 6. Bb3 Bb7 7. Re1 Bc5 8. c3
d6 9. d4 Bb6 10. a4 h6 11. h3 O-O 12. Be3 exd4 13. cxd4 Na5 14. d5 Nxb3 15. Qxb3
Bxe3 16. Rxe3 Re8 17. Nc3 c6 18. dxc6 Bxc6 19. axb5 axb5 20. Rae1 Qb6 21. e5
Bxf3 22. exf6 Rxe3 23. Rxe3 Bh5 24. Nd5 Qc5 25. fxg7 Kxg7 26. Rg3+ Bg6 27. Ne3
Ra1+ 28. Kh2 h5 29. h4 Ra4 30. Kh3 Qc8+ 31. Kh2 Rxh4+ 32. Kg1 Kh7 33. Qxb5 Qc1+
34. Nf1 Rd4 35. Rc3 Qb1 36. Kh2 Rd1 37. Kg1 Qf5 38. Qe2 Rb1 39. Qd2 Qb5 40. Rc1
Qxb2 41. Rxb1 Qxb1 42. f3 Bd3 43. Kh2 Qxf1 44. Qg5 Bg6 45. Qd5 Qd3 46. Qg5 Qf5
47. Qd8 d5 48. Kg1 Qe5 49. Qd6 Qxd6 0-1

[Event "Online Olym Div2 B 2021"]
[Site "chess.com INT"]
[Date "2021.09.03"]
[Round "5.4"]
[Board "6"]
[White "Blokhin, Sofia"]
[Black "Katter, Katharina"]
[Result "0-1"]
[WhiteElo "2022"]
[BlackElo "1939"]
[WhiteTeam "Estonia"]
[BlackTeam "Austria"]
[WhiteFideId "4508190"]
[BlackFideId "1642626"]
[EventDate "2021.09.02"]
[EventType "team"]

1. e4 e5 2. Bc4 Nf6 3. d3 Nc6 4. Nf3 Bc5 5. O-O O-O 6. c3 d6 7. b4 Bb6 8. a4 a5
9. b5 Ne7 10. Qb3 h6 11. h3 Ng6 12. Be3 Bxe3 13. fxe3 Qe7 14. Nbd2 Nh5 15. d4
Ng3 16. Rfe1 Nh4 17. Nxh4 Qxh4 18. Nf3 Qxe4 19. dxe5 dxe5 20. Rad1 Qf5 21. Kh2
e4 22. Nh4 Qg5 23. Nf3 exf3 24. Rd5 Nf5 25. g4 Qh4 26. gxf5 Qf2+ 27. Kh1 Qg2# 0-1

[Event "Online Olym Div2 B 2021"]
[Site "chess.com INT"]
[Date "2021.09.03"]
[Round "5.5"]
[Board "1"]
[White "Lim, Zhuo Ren"]
[Black "Moroni, Luca Jr"]
[Result "0-1"]
[WhiteTitle "FM"]
[BlackTitle "GM"]
[WhiteElo "2311"]
[BlackElo "2566"]
[WhiteTeam "Malaysia"]
[BlackTeam "Italy"]
[WhiteFideId "5702488"]
[BlackFideId "865834"]
[EventDate "2021.09.02"]
[EventType "team"]

1. Nf3 g6 2. c4 Bg7 3. d4 d6 4. Nc3 Nc6 5. d5 Ne5 6. Nxe5 Bxe5 7. e4 Nf6 8. Bd3
O-O 9. O-O e6 10. Bg5 exd5 11. cxd5 h6 12. Bd2 c6 13. h3 Nh5 14. f4 Bg7 15. Kh2
Re8 16. Qf3 Nf6 17. Rae1 cxd5 18. e5 Ne4 19. Nxe4 dxe4 20. Bxe4 dxe5 21. fxe5
Qc7 22. Kh1 Be6 23. Bc3 Rab8 24. a3 b6 25. Bd5 Bxd5 26. Qxd5 Rbd8 27. Qe4 Re7
28. Re2 Qd7 29. Rfe1 Qe6 30. Bb4 Rc7 31. Rc2 Qxe5 32. Qh4 g5 33. Rxe5 gxh4 34.
Rxc7 Bxe5 35. Rc1 Bxb2 36. Rb1 Be5 37. Kg1 Rd3 38. Kf2 f6 39. Ke2 Rg3 40. Kf1
Kf7 41. Re1 a5 42. Bd2 Rxa3 43. Bxh6 Ra1 0-1

[Event "Online Olym Div2 B 2021"]
[Site "chess.com INT"]
[Date "2021.09.03"]
[Round "5.5"]
[Board "2"]
[White "Lodici, Lorenzo"]
[Black "Poh, Yu Tian"]
[Result "0-1"]
[WhiteTitle "IM"]
[WhiteElo "2507"]
[BlackElo "2081"]
[WhiteTeam "Italy"]
[BlackTeam "Malaysia"]
[WhiteFideId "884189"]
[BlackFideId "5734088"]
[EventDate "2021.09.02"]
[EventType "team"]

1. Nf3 Nf6 2. g3 g6 3. Bg2 Bg7 4. b3 d6 5. d4 O-O 6. Bb2 c5 7. O-O cxd4 8. Nxd4
d5 9. c4 dxc4 10. Na3 cxb3 11. Qxb3 Nbd7 12. Rfd1 Qb6 13. Nc4 Qxb3 14. axb3 a6
15. Rac1 Rb8 16. h3 Re8 17. b4 Nf8 18. Nb6 N6d7 19. Nd5 Ne6 20. Nxe6 Bxb2 21.
Rc2 Be5 22. Nec7 Bxc7 23. Nxc7 Rf8 24. Nd5 Re8 25. Rc7 Kf8 26. g4 e6 27. Nc3 Re7
28. Ne4 Ne5 29. Rd8+ Re8 30. Rxe8+ Kxe8 31. Nd6+ Kd8 32. Rc5 Nd7 33. Rc3 f6 34.
f4 Nb6 35. e4 Kd7 36. e5 Nd5 37. Rxc8 Rxc8 38. Nxc8 Kxc8 39. f5 fxe5 40. fxe6
Nc7 41. e7 Kd7 42. Bxb7 Kxe7 43. Kf2 Kd6 44. Kf3 Nd5 45. Bxa6 Nxb4 46. Bc4 Nd5
47. g5 Kc5 48. Bb3 Kd4 49. Bc2 Nc3 50. h4 e4+ 51. Kf2 Ke5 52. Bb3 Nd5 53. Kg3
Ne7 54. Kg4 Kd4 55. h5 e3 56. Bd1 Kd3 57. hxg6 hxg6 58. Kf3 Nf5 59. Be2+ Kd2 60.
Ba6 Nd4+ 61. Ke4 Ne6 62. Ke5 Nxg5 63. Kf6 Nh3 64. Kxg6 Nf4+ 65. Kf5 Nd3 0-1

[Event "Online Olym Div2 B 2021"]
[Site "chess.com INT"]
[Date "2021.09.03"]
[Round "5.5"]
[Board "3"]
[White "Azhar, Puteri Munajjah Az-Zahraa"]
[Black "Brunello, Marina"]
[Result "1-0"]
[WhiteTitle "WIM"]
[BlackTitle "IM"]
[WhiteElo "2052"]
[BlackElo "2354"]
[WhiteTeam "Malaysia"]
[BlackTeam "Italy"]
[WhiteFideId "5709040"]
[BlackFideId "822590"]
[EventDate "2021.09.02"]
[EventType "team"]

1. c4 e5 2. Nc3 Bb4 3. Qc2 d6 4. g3 c6 5. Bg2 Ne7 6. d3 O-O 7. Nf3 Nd7 8. O-O f5
9. a3 Ba5 10. b4 Bc7 11. b5 Nf6 12. Bb2 Qe8 13. Qb3 Qh5 14. Na4 e4 15. c5+ d5
16. Nd4 f4 17. dxe4 Bh3 18. exd5 Bxg2 19. Kxg2 Nexd5 20. Ne6 Ng4 21. h3 fxg3 22.
Nxf8 Rxf8 23. Bd4 Kh8 24. fxg3 Nge3+ 25. Bxe3 Qxe2+ 26. Bf2 Qe4+ 27. Kg1 h5 28.
Rae1 Qf5 29. Bd4 Qxh3 30. Rxf8+ Kh7 31. Qd3+ 1-0

[Event "Online Olym Div2 B 2021"]
[Site "chess.com INT"]
[Date "2021.09.03"]
[Round "5.5"]
[Board "4"]
[White "Zimina, Olga"]
[Black "Azhar, Puteri Rifqah Fahada"]
[Result "1-0"]
[WhiteTitle "IM"]
[BlackTitle "WFM"]
[WhiteElo "2334"]
[BlackElo "1939"]
[WhiteTeam "Italy"]
[BlackTeam "Malaysia"]
[WhiteFideId "4132190"]
[BlackFideId "5702879"]
[EventDate "2021.09.02"]
[EventType "team"]

1. Nf3 f5 2. d4 Nf6 3. g3 g6 4. Bg2 Bg7 5. c4 O-O 6. b3 d6 7. Bb2 c6 8. O-O Qc7
9. Nbd2 e6 10. Re1 Ne4 11. Nxe4 fxe4 12. Nd2 d5 13. f3 exf3 14. Nxf3 Nd7 15. e4
dxc4 16. bxc4 c5 17. e5 cxd4 18. Bxd4 Nc5 19. Qc2 Bd7 20. Ng5 Rae8 21. h4 Ba4
22. Qe2 Rd8 23. Qe3 Rxd4 24. Qxd4 Rd8 25. Qg4 Re8 26. h5 h6 27. Ne4 g5 28. Nf6+
Bxf6 29. exf6 Bc6 30. Bxc6 Qxc6 31. Rad1 Rf8 32. Rf1 b6 33. Qd4 Qe4 34. f7+ Rxf7
35. Qd8+ Kg7 36. Rxf7+ Kxf7 37. Rf1+ 1-0

[Event "Online Olym Div2 B 2021"]
[Site "chess.com INT"]
[Date "2021.09.03"]
[Round "5.5"]
[Board "5"]
[White "Chan, Kim Yew"]
[Black "Di Benedetto, Edoardo"]
[Result "0-1"]
[WhiteTitle "FM"]
[BlackTitle "IM"]
[WhiteElo "2303"]
[BlackElo "2412"]
[WhiteTeam "Malaysia"]
[BlackTeam "Italy"]
[WhiteFideId "5717981"]
[BlackFideId "875740"]
[EventDate "2021.09.02"]
[EventType "team"]

1. Nf3 d5 2. g3 c6 3. Bg2 Bg4 4. c4 e6 5. cxd5 exd5 6. O-O Nd7 7. h3 Bxf3 8.
Bxf3 Ngf6 9. d3 Bc5 10. Nc3 O-O 11. Bf4 Qe7 12. Qc2 Bd6 13. Bd2 d4 14. Ne4 Nxe4
15. Bxe4 Bb4 16. Bc1 Bd6 17. Rb1 Qe6 18. Qc4 Qxh3 19. Qxd4 Bc5 20. Qc4 Qxg3+ 21.
Bg2 Qd6 22. Bf4 Qd4 23. b4 Bb6 24. Qxd4 Bxd4 25. b5 Nb6 26. e3 Bf6 27. bxc6 bxc6
28. Bxc6 Rac8 29. Rfc1 Rfd8 30. d4 Nd5 31. Bxd5 Rxc1+ 32. Rxc1 Rxd5 33. Rc7 g5
34. Bg3 Ra5 35. Rc2 Kf8 36. Bd6+ Kg7 37. Bb4 Ra6 38. d5 Be5 39. e4 Ra4 40. Bc5
Rxe4 41. Bxa7 h5 42. Rd2 Bd6 43. Rd4 Re1+ 44. Kg2 h4 45. a4 f5 46. Rc4 g4 47. f4
h3+ 48. Kg3 Re2 49. Bd4+ Kf7 50. Rc6 Rg2+ 51. Kh4 h2 52. Rxd6 h1=Q+ 53. Kg5 Re2
54. Be5 g3 55. Rd7+ Ke8 56. Rb7 Rxe5 57. fxe5 g2 58. Rb8+ Kd7 59. e6+ Kc7 60.
d6+ Kxb8 0-1

[Event "Online Olym Div2 B 2021"]
[Site "chess.com INT"]
[Date "2021.09.03"]
[Round "5.5"]
[Board "6"]
[White "Sala, Giulia"]
[Black "Chua, Jia-Tien"]
[Result "0-1"]
[WhiteTitle "WFM"]
[BlackTitle "WCM"]
[WhiteElo "2064"]
[BlackElo "1822"]
[WhiteTeam "Italy"]
[BlackTeam "Malaysia"]
[WhiteFideId "2840451"]
[BlackFideId "5710006"]
[EventDate "2021.09.02"]
[EventType "team"]

1. e4 c5 2. Nf3 d6 3. d4 cxd4 4. Nxd4 Nf6 5. Nc3 a6 6. Be3 e5 7. Nb3 Be6 8. f3
Be7 9. Qd2 Nbd7 10. O-O-O b5 11. g4 Nb6 12. g5 Nfd7 13. Nd5 Nxd5 14. exd5 Bf5
15. Na5 Rc8 16. Nc6 Qc7 17. Bd3 Bxd3 18. Qxd3 Nb6 19. Nxe7 Kxe7 20. Kb1 Nd7 21.
f4 Qc4 22. Rhe1 Qxd3 23. Rxd3 f6 24. gxf6+ gxf6 25. Ra3 Ra8 26. fxe5 dxe5 27.
Rg1 f5 28. Rg7+ Kd6 29. Rc3 Rac8 30. Rxc8 Rxc8 31. Rxh7 f4 32. Bf2 Rg8 33. Kc1
Rg2 34. Be1 Rg1 35. Kd2 Nc5 36. Rh3 Kxd5 37. Bf2 Rg2 38. Ke1 Ne4 39. Rd3+ Ke6
40. Rf3 Rxh2 41. Ke2 Kf5 42. Kf1 Nd2+ 0-1

[Event "Online Olym Div2 B 2021"]
[Site "chess.com INT"]
[Date "2021.09.03"]
[Round "6.1"]
[Board "1"]
[White "Bogner, Sebastian"]
[Black "Moroni, Luca Jr"]
[Result "0-1"]
[WhiteTitle "GM"]
[BlackTitle "GM"]
[WhiteElo "2574"]
[BlackElo "2566"]
[WhiteTeam "Switzerland"]
[BlackTeam "Italy"]
[WhiteFideId "4692055"]
[BlackFideId "865834"]
[EventDate "2021.09.02"]
[EventType "team"]

1. e4 e5 2. Nf3 Nc6 3. Bc4 Bc5 4. O-O d6 5. c3 Nf6 6. d4 Bb6 7. Qd3 h6 8. a4 a6
9. Be3 exd4 10. cxd4 O-O 11. Nc3 Nb4 12. Qd2 d5 13. exd5 Nbxd5 14. a5 Ba7 15.
Bxh6 gxh6 16. Qxh6 Ng4 17. Qh5 Nf4 18. Qg5+ Qxg5 19. Nxg5 Bxd4 20. Rad1 c5 21.
Nce4 Ne5 22. Ba2 Be6 23. Nxe6 Nxe6 24. b4 c4 25. Nd6 Rfd8 26. Nxc4 Nxc4 27. Bxc4
Rac8 28. Be2 Rc2 29. Bf3 Rd7 30. Bg4 Kg7 31. g3 Rc4 32. Kg2 Rxb4 33. Rd2 Rc7 34.
Rfd1 Bc3 35. Bxe6 Bxd2 0-1

[Event "Online Olym Div2 B 2021"]
[Site "chess.com INT"]
[Date "2021.09.03"]
[Round "6.1"]
[Board "2"]
[White "Basso, Pier Luigi"]
[Black "Arcuti, Davide"]
[Result "0-1"]
[WhiteTitle "GM"]
[BlackTitle "FM"]
[WhiteElo "2553"]
[BlackElo "2390"]
[WhiteTeam "Italy"]
[BlackTeam "Switzerland"]
[WhiteFideId "866970"]
[BlackFideId "1323725"]
[EventDate "2021.09.02"]
[EventType "team"]

1. d4 Nf6 2. c4 e6 3. Nf3 d5 4. Nc3 c6 5. Bg5 Nbd7 6. e3 Qa5 7. Nd2 Bb4 8. Qc2
O-O 9. Be2 c5 10. O-O cxd4 11. Nb3 Qb6 12. Bxf6 Nxf6 13. c5 d3 14. Bxd3 Qd8 15.
a3 Bxc3 16. Qxc3 a5 17. Nd4 a4 18. Qb4 Qa5 19. Rfc1 Bd7 20. h3 Rfc8 21. f4 Bc6
22. Rc3 Nd7 23. Re1 Re8 24. Bb5 Qc7 25. Rf1 Nf6 26. Bd3 h6 27. Nf3 Nd7 28. Bb1
Qa5 29. Nd4 e5 30. fxe5 Nxe5 31. Ba2 Qd8 32. Nf5 Qg5 33. Qf4 Qxf4 34. Rxf4 Ng6
35. Rd4 Re5 36. g4 Nf8 37. Rdd3 g6 38. Nd4 Nd7 39. Nf3 Re7 40. Bxd5 Bxd5 41.
Rxd5 Nf6 42. Rd4 Ra5 43. Nd2 Rc7 44. Rd6 Kg7 45. Kg2 Rb5 46. Rc2 Nd7 47. c6 bxc6
48. Rd4 Rcb7 49. Nc4 Rc5 50. Rdd2 Nf6 51. Kf3 Nd5 52. e4 Rb3+ 53. Kf2 Nf6 54.
Nd6 Rxc2 55. Rxc2 Rxh3 56. Rxc6 Nxg4+ 57. Kg2 Rb3 58. Nc4 h5 59. Rd6 h4 60. Rd1
h3+ 61. Kf1 Rg3 62. Ke2 h2 63. Rh1 Rg1 64. Rxh2 Nxh2 65. Kd3 Rg3+ 66. Kc2 Nf3
67. Nb6 Nd4+ 68. Kc1 Nb3+ 69. Kc2 Nc5 0-1

[Event "Online Olym Div2 B 2021"]
[Site "chess.com INT"]
[Date "2021.09.03"]
[Round "6.1"]
[Board "3"]
[White "Tamrazyan, Gohar"]
[Black "Zimina, Olga"]
[Result "0-1"]
[BlackTitle "IM"]
[WhiteElo "1981"]
[BlackElo "2334"]
[WhiteTeam "Switzerland"]
[BlackTeam "Italy"]
[WhiteFideId "1330799"]
[BlackFideId "4132190"]
[EventDate "2021.09.02"]
[EventType "team"]

1. e4 c6 2. Nc3 d5 3. Nf3 dxe4 4. Nxe4 Nf6 5. Nxf6+ exf6 6. d4 Bd6 7. Bc4 O-O 8.
O-O a5 9. a4 Nd7 10. c3 Nb6 11. Ba2 Bg4 12. h3 Bh5 13. Re1 Bc7 14. Re4 f5 15.
Bg5 Bxf3 16. Bxd8 Bxd1 17. Bxc7 fxe4 18. Bxb6 Bxa4 19. Bxf7+ Rxf7 20. Rxa4 Rf5
21. b4 Raf8 22. d5 Rxd5 23. bxa5 Re8 24. Kf1 Rd2 25. Bd4 Rb2 26. a6 Ra8 27. a7
Rb5 28. Ke2 b6 29. c4 Ra5 30. Rxa5 bxa5 31. Ke3 a4 32. Kxe4 a3 33. Kd3 a2 34. c5
Rxa7 35. Kc4 a1=Q 36. Bxa1 Rxa1 0-1

[Event "Online Olym Div2 B 2021"]
[Site "chess.com INT"]
[Date "2021.09.03"]
[Round "6.1"]
[Board "4"]
[White "Movileanu, Daniela"]
[Black "Kurapova, Olga"]
[Result "1-0"]
[WhiteTitle "WIM"]
[WhiteElo "2239"]
[BlackElo "1900"]
[WhiteTeam "Italy"]
[BlackTeam "Switzerland"]
[WhiteFideId "873349"]
[BlackFideId "1332562"]
[EventDate "2021.09.02"]
[EventType "team"]

1. e4 e5 2. Nf3 Nc6 3. Bb5 g6 4. O-O Bg7 5. c3 a6 6. Ba4 Nge7 7. d4 exd4 8. cxd4
b5 9. Bc2 d5 10. exd5 Nxd5 11. Bg5 Qd6 12. Re1+ Be6 13. Nc3 O-O 14. Ne4 Qd7 15.
Nc5 Qd6 16. Nxe6 fxe6 17. Rc1 Kh8 18. Qd2 e5 19. dxe5 Nxe5 20. Nxe5 Bxe5 21. Bb3
Bxh2+ 22. Kh1 Bf4 23. Qd4+ Rf6 24. Qxd5 Bxg5 25. Qxa8+ Rf8 26. Re8 Bxc1 27.
Rxf8+ Kg7 28. Rf7+ Kh6 29. Qf8+ Kg5 30. Qxd6 1-0

[Event "Online Olym Div2 B 2021"]
[Site "chess.com INT"]
[Date "2021.09.03"]
[Round "6.1"]
[Board "5"]
[White "Fecker, Noah"]
[Black "Di Benedetto, Edoardo"]
[Result "1/2-1/2"]
[WhiteTitle "FM"]
[BlackTitle "IM"]
[WhiteElo "2333"]
[BlackElo "2412"]
[WhiteTeam "Switzerland"]
[BlackTeam "Italy"]
[WhiteFideId "1334263"]
[BlackFideId "875740"]
[EventDate "2021.09.02"]
[EventType "team"]

1. e4 e6 2. d4 d5 3. Nd2 c5 4. Ngf3 Nc6 5. exd5 Qxd5 6. Bc4 Qd7 7. dxc5 Bxc5 8.
O-O a6 9. Ne4 Qxd1 10. Rxd1 Be7 11. Nd6+ Bxd6 12. Rxd6 Ke7 13. Rd1 Nf6 14. Bf4
Rd8 15. Rxd8 Kxd8 16. Rd1+ Bd7 17. c3 Ke7 18. Bd6+ Ke8 19. Be2 Rd8 20. Ne5 Nxe5
21. Bxe5 Bc6 22. Rxd8+ Kxd8 23. f4 Ke7 24. g3 Ne8 25. Kf2 f6 26. Bb8 Nd6 27. Ke3
Kd7 28. Bd3 h6 29. b4 Bd5 30. a4 Bb3 31. a5 Nf5+ 32. Kd2 Nd6 33. Bxd6 Kxd6 34.
c4 Ba4 35. Ke3 Bc6 36. Kd4 Bg2 37. h4 Bf3 38. b5 e5+ 39. fxe5+ fxe5+ 40. Ke3 Bg2
41. Kf2 Bh1 42. Kg1 Bf3 43. Kf2 Bh1 44. Kg1 Bf3 45. Kf2 Bh1 1/2-1/2

[Event "Online Olym Div2 B 2021"]
[Site "chess.com INT"]
[Date "2021.09.03"]
[Round "6.1"]
[Board "6"]
[White "Grimaldi, Angela Flavia"]
[Black "Pellicoro, Nathalie"]
[Result "1-0"]
[WhiteTitle "WFM"]
[WhiteElo "2078"]
[BlackElo "1917"]
[WhiteTeam "Italy"]
[BlackTeam "Switzerland"]
[WhiteFideId "2805214"]
[BlackFideId "1332350"]
[EventDate "2021.09.02"]
[EventType "team"]

1. e4 e5 2. Nf3 Nc6 3. Bc4 Nf6 4. d3 Bc5 5. c3 a6 6. Bb3 d6 7. Nbd2 Ba7 8. O-O
h6 9. Nc4 g5 10. Ne3 Rg8 11. Kh1 h5 12. Nd5 g4 13. Ng5 Nxd5 14. exd5 Ne7 15. Ne4
Nf5 16. f4 g3 17. fxe5 Qh4 18. Qxh5 Qxh5 19. Nf6+ Kd8 20. Nxh5 Rh8 21. Bg5+ Ke8
22. Nf6+ Kf8 23. h3 Rh5 24. d4 dxe5 25. Nxh5 exd4 26. cxd4 Bxd4 27. Bc2 Bf2 28.
Bxf5 Bxf5 29. Nxg3 Bxg3 30. Rxf5 Re8 31. Raf1 Kg8 32. Bf6 Kh7 33. Rh5+ Kg6 34.
Rg5+ 1-0

[Event "Online Olym Div2 B 2021"]
[Site "chess.com INT"]
[Date "2021.09.03"]
[Round "6.2"]
[Board "1"]
[White "Sirosh, Ilja"]
[Black "Lim, Zhuo Ren"]
[Result "0-1"]
[WhiteTitle "IM"]
[BlackTitle "FM"]
[WhiteElo "2400"]
[BlackElo "2311"]
[WhiteTeam "Estonia"]
[BlackTeam "Malaysia"]
[WhiteFideId "4500458"]
[BlackFideId "5702488"]
[EventDate "2021.09.02"]
[EventType "team"]

1. e4 c5 2. Nf3 d6 3. d4 cxd4 4. Nxd4 Nf6 5. Nc3 a6 6. Bc4 e6 7. Be3 b5 8. Bb3
Be7 9. a3 O-O 10. Qe2 Qc7 11. g4 Bb7 12. f3 Nc6 13. O-O-O Ne5 14. g5 Nfd7 15.
Nxe6 fxe6 16. Bxe6+ Kh8 17. f4 Nc4 18. h4 Nxe3 19. Qxe3 Qb6 20. Qg3 Nc5 21. Bd5
b4 22. axb4 Qxb4 23. Bxb7 Qxb7 24. h5 Rab8 25. b3 Nxb3+ 26. cxb3 Qxb3 27. Kd2
Qb2+ 28. Ke1 Rb3 29. Rh3 Rc8 30. Rd3 d5 31. Nd1 Bb4+ 32. Kf1 Qc1 33. Qg4 Rxd3
34. Rxd3 dxe4 35. Rd4 Bf8 36. h6 gxh6 37. gxh6 Bxh6 38. Rxe4 Rd8 39. Re1 Qxf4+
40. Qxf4 Bxf4 41. Nf2 Bg3 42. Re6 Rf8 43. Kg2 Bxf2 44. Rxa6 Bd4 45. Rc6 Bf6 46.
Ra6 Kg7 47. Rc6 Kg6 48. Ra6 Rc8 49. Ra5 h5 50. Rb5 Re8 51. Ra5 Be5 52. Ra4 Kg5
53. Rc4 Bf4 54. Rb4 Kg4 55. Rb2 h4 56. Rb1 Re2+ 57. Kh1 Kh3 58. Rb3+ Be3 0-1

[Event "Online Olym Div2 B 2021"]
[Site "chess.com INT"]
[Date "2021.09.03"]
[Round "6.2"]
[Board "2"]
[White "Poh, Yu Tian"]
[Black "Vorobjov, Pavel"]
[Result "1/2-1/2"]
[WhiteElo "2081"]
[BlackElo "2293"]
[WhiteTeam "Malaysia"]
[BlackTeam "Estonia"]
[WhiteFideId "5734088"]
[BlackFideId "4500989"]
[EventDate "2021.09.02"]
[EventType "team"]

1. e4 c5 2. Nf3 d6 3. d4 cxd4 4. Nxd4 Nf6 5. Nc3 Nc6 6. Bg5 Qa5 7. Bxf6 gxf6 8.
Qd2 Nxd4 9. Qxd4 Bd7 10. Bc4 Rc8 11. Bb3 Bg7 12. O-O O-O 13. Qd3 Rfe8 14. Rfe1
Qe5 15. Rad1 f5 16. exf5 Qxf5 17. Qxf5 Bxf5 18. Ba4 Red8 19. Rxe7 Rb8 20. Bb3
Bg6 21. h3 Kf8 22. Re2 b5 23. a3 Be5 24. Rf1 Rdc8 25. f4 Bd4+ 26. Kh2 Bf5 27.
Rd1 Bxc3 28. bxc3 Rb6 29. g4 Bd7 30. Rde1 Be8 31. f5 Rbc6 32. a4 Rxc3 33. axb5
Bxb5 34. Re7 Bc4 35. Ba4 Kg7 36. Rxa7 Ra3 37. Ree7 Kf6 38. Bb3 Rxa7 39. Rxa7
Bxb3 40. cxb3 Rc2+ 41. Kg3 Rc3+ 42. Kf4 Rxh3 43. Rb7 Rh1 44. b4 Rf1+ 45. Ke4 Rg1
46. Kf3 Rf1+ 47. Kg2 Rf4 48. Kh3 h5 49. gxh5 Rxf5 50. Kg4 Rg5+ 51. Kh4 Rd5 52.
b5 Rd4+ 53. Kg3 Rb4 54. b6 Kg5 55. Rb8 Rb3+ 56. Kf2 Kh6 57. Ke2 f5 58. Kd2 f4
59. Kc2 Rb5 60. Kd3 d5 61. Kd4 f3 62. Rf8 Rxb6 63. Rxf3 Kxh5 64. Kxd5 Kg4 65.
Rc3 Rb5+ 66. Kd4 Rb4+ 67. Kc5 Rf4 68. Rc4 Rxc4+ 69. Kxc4 1/2-1/2

[Event "Online Olym Div2 B 2021"]
[Site "chess.com INT"]
[Date "2021.09.03"]
[Round "6.2"]
[Board "3"]
[White "Sinitsina, Anastassia"]
[Black "Azhar, Puteri Munajjah Az-Zahraa"]
[Result "1-0"]
[WhiteTitle "WFM"]
[BlackTitle "WIM"]
[WhiteElo "2115"]
[BlackElo "2052"]
[WhiteTeam "Estonia"]
[BlackTeam "Malaysia"]
[WhiteFideId "4504640"]
[BlackFideId "5709040"]
[EventDate "2021.09.02"]
[EventType "team"]

1. Nf3 Nf6 2. g3 d5 3. Bg2 e6 4. O-O Be7 5. d3 O-O 6. Nbd2 c5 7. e4 Nc6 8. Re1
Qc7 9. c3 b5 10. Nf1 dxe4 11. dxe4 Bb7 12. Qc2 Rfd8 13. Bf4 Qb6 14. h4 h6 15.
N1h2 c4 16. Rad1 b4 17. Nf1 b3 18. axb3 cxb3 19. Qc1 Bc5 20. Be3 Nxe4 21. Bxc5
Nxc5 22. Qe3 Ne7 23. Nd4 Nd5 24. Qe5 Nd7 25. Qe2 N7f6 26. Ra1 a5 27. Ra3 a4 28.
Rea1 Ba6 29. Qe1 Bxf1 30. Bxf1 Nb4 31. Rxa4 Rxa4 32. Rxa4 Nc2 33. Qe5 Rd5 34.
Ra8+ Kh7 35. Bd3+ Ne4 36. Bxe4+ 1-0